| 000 | 00586nam a2200193Ia 4500 | ||
|---|---|---|---|
| 003 | BUBTL | ||
| 008 | 151213s9999 xx 000 0 und d | ||
| 020 | _a984325073 | ||
| 082 | _a340/ B14h/ 2006 | ||
| 100 |
_aবদরউদ্দীন, এম. _92032 |
||
| 245 |
_aহিন্দু আইন : _c এম. বদরউদ্দীন |
||
| 250 | _a3rd | ||
| 260 |
_aঢাকা : _bমুক্তা ‘ল’ বুক হাউস, _cc2006 |
||
| 300 |
_a335 p. : _c22 cm. |
||
| 650 | _aLaw | ||
| 856 |
_k0 _l0 _yDownload |
||
| 942 |
_2ddc _cBK |
||
| 999 |
_c5810 _d5810 |
||